Drittgrößte Städte der jeweiligen Bundesländer - Statistiken

Allgemein
  • Dieses Quiz wurde 166 mal gespielt
  • Das Durchschnittsergebnis liegt bei 11 aus 13
Antwortstatistiken
Bundesland Drittgrößte Stadt Einwohner % Korrekt
Bayern Augsburg 295.135
97%
Nordrhein-Westfalen Dortmund 587.010
95%
Sachsen Chemnitz 247.237
93%
Baden-Württemberg Mannheim 309.370
93%
Hessen Kassel 201.585
91%
Schleswig-Holstein Flensburg 89.504
90%
Brandenburg Brandenburg an der Havel 72.124
88%
Rheinland-Pfalz Koblenz 114.024
88%
Thüringen Gera 94.152
85%
Niedersachsen Oldenburg 168.210
84%
Sachsen-Anhalt Dessau-Roßlau 81.237
71%
Saarland Homburg 41.811
70%
Mecklenburg-Vorpommern Neubrandenburg 64.086
64%
Keine übereinstimmenden Quizze gefunden
Verteilung der Resultate
Anzahl Personen mit jedem Resultat
Perzentil nach korrekt beantworteten Fragen
Ihre Resultats-Entwicklung
Sie haben dieses Quiz noch nicht gespielt